Fluvial monazite deposits in the southeastern United States /

Bibliographic Details
Corporate Authors: Geological Survey (U.S.), U.S. Atomic Energy Commission
Other Authors: Overstreet, William C. (William Courtney), 1919-, Stone, Jerome, 1923-
Format: Government Document Book
Language:English
Published: Washington : U.S. Govt. Print. Off, 1968.
Series:Geological Survey professional paper ; 568.
Subjects:

MARC

Tag First Indicator Second Indicator Subfields
LEADER 00000cam a2200000 4500
001 in00002784715
005 20151202171718.0
008 690731s1968 dcuab b 001 0 eng c
010 |a gs 67000290  
035 |a (OCoLC)ocm00020590 
035 |a (OCoLC)20590 
040 |a U.S. Geological Survey Library  |c DLC  |d OWU  |d OCLCQ  |d OCLCG  |d UtOrBLW 
043 |a n-usu-- 
049 |a TXAM 
050 0 4 |a QE75  |b .P9 no. 568 
051 |a TN948.M7  |b U53  |c Copy 2. 
082 0 4 |a 549.7/2 
086 0 |a I 19.16:568 
110 2 |a Geological Survey (U.S.) 
245 1 0 |a Fluvial monazite deposits in the southeastern United States /  |c by William C. Overstreet [and others] With a section on mineral analyses by Jerome Stone. 
264 1 |a Washington :  |b U.S. Govt. Print. Off,  |c 1968. 
300 |a v, 85 pages :  |b illustrations, maps (part folded color) ;  |c 29 cm. 
336 |a text  |b txt  |2 rdacontent 
337 |a unmediated  |b n  |2 rdamedia 
338 |a volume  |b nc  |2 rdacarrier 
490 1 |a Professional paper ;  |v 568 
500 |a "Prepared on behalf of the U.S. Atomic Energy Commission." 
500 |a Issued in a case. 
504 |a Bibliography: pages 76-81. 
650 0 |a Monazite  |z Southern States. 
700 1 |a Overstreet, William C.  |q (William Courtney),  |d 1919- 
700 1 |a Stone, Jerome,  |d 1923- 
710 2 |a U.S. Atomic Energy Commission. 
830 0 |a Geological Survey professional paper ;  |v 568. 
948 |a cataloged  |b h  |c 2012/12/7  |d c  |e mvaldespin  |f 03:21:11 pm 
994 |a C0  |b TXA 
999 |a MARS 
999 f f |s 6032252c-ee97-3252-979b-b2d19bba9136  |i 493e2346-dec3-37bb-9cfc-4b7c0f42c552  |t 0 
952 f f |p normal  |a Texas A&M University  |b College Station  |c Sterling C. Evans Library  |d Evans: US Documents (Annex 5th floor)  |t 0  |e I 19.16:564-566,568  |h Superintendent of Documents classification  |i unmediated -- volume  |m A14837790853 
952 f f |a Texas A&M University  |b College Station  |c Sterling C. Evans Library  |d Evans: US Documents (Annex 5th floor)  |t 0  |e I 19.16:564-566,568  |h Superintendent of Documents classification 
998 f f |a I 19.16:564-566,568  |t 0  |l Evans: US Documents (Annex 5th floor)